French Wine Regions - Statistics

General Stats
  • This quiz has been taken 1,103 times
  • The average score is 4 of 6
Answer Stats
Hint Answer % Correct
Longest river in France Loire
84%
This is the one region famed for Riesling in France and has been part of Germany in the past Alsace
83%
The motherland of Cabernet Sauvignon Bordeaux
82%
Dijon is located in this area; it is widely regarded as home to the world's best Chardonnay and Pinot Noir Burgundy
70%
"new castle of the Pope" Châteauneuf-du-Pape
47%
Northerly area renowned for un-oaked Chardonnay Chablis
32%
No matching quizzes found
Score Distribution
Percent of People with Each Score
Percentile by Number Answered
Your Score History
You have not taken this quiz